000
00297nam a22001097a 4500
008
260422b |||||||| |||| 00| 0 eng d
100
_a
Tripathi, Radhavallabh
245
_a
Natyashastra Tatha Asiayee Rangman
260
_a
Delhi
_b
New Bharatiya Book Corporation
_c
2022
300
_a
322p
942
_2
ddc
999
_c
1261
_d
1261